Capitals of Europe - Sudden Death - Statistics

General Stats
  • This quiz has been taken 117 times
    78 since last reset
  • The average score is 32 of 51
Answers on the Grid
Answers color-coded by a green-red scale on the quiz's grid according to % correct below.
Reykjavik
Lisbon
Madrid
Andorra La Vella
Paris
London
Dublin
Monaco
Bern
Brussels
Amsterdam
Luxembourg City
Berlin
Copenhagen
Vaduz
Wien (Vienna)
Ljubljana
Zagreb
Sarajevo
Belgrade
Podgorica
Pristina
Oslo
Stockholm
Tirane
Helsinki
Athens
Skopje
Sofia
Bucharest
Chisinau
Ankara
Nicosia
Prague
Bratislava
Warsaw
Vilnius
Minsk
Riga
Tallinn
Astana
Baku
Rome
Vatican City
San Marino
Valletta
Yerevan
Moscow
Tbilisi
Budapest
Kyiv
Porto
Barcelona
Lyon
Dijon
Sheffield
Cork
Galway
Antwerp
Rotterdam
Edinburgh
Marseille
Zurich
Basel
Milan
Naples
Florence
Turin
Hamburg
Frankfurt
Stavanger
Gothenburg
Kuressaare
Reading
Klaipeda
Kaunas
Salzburg
Brno
Kosice
Osijek
Mostar
Dubrovnik
Budva
Nis
Pec
Krakow
Debrecen
Durres
Thessaloniki
Heraklion
Istanbul
Izmir
Balti
Polotsk
Lviv
St. Petersburg
Ufa
Batman
Bursa
Cluj
Pleven
Yekaterinburg
 
Answer Stats
Answer % Correct
Madrid
81%
Stockholm
81%
Lisbon
77%
Oslo
77%
Rome
77%
Berlin
74%
Bucharest
74%
San Marino
74%
Helsinki
72%
Kyiv
72%
Vatican City
72%
Wien (Vienna)
72%
Budapest
70%
London
70%
Prague
70%
Athens
68%
Copenhagen
68%
Dublin
68%
Moscow
68%
Paris
68%
Reykjavik
68%
Sofia
68%
Warsaw
68%
Belgrade
66%
Brussels
66%
Zagreb
66%
Ljubljana
64%
Monaco
64%
Amsterdam
62%
Andorra La Vella
62%
Bratislava
62%
Bern
60%
Luxembourg City
60%
Minsk
60%
Sarajevo
60%
Tallinn
60%
Valletta
60%
Vilnius
60%
Skopje
57%
Vaduz
57%
Chisinau
55%
Riga
53%
Pristina
51%
Ankara
47%
Tirane
47%
Nicosia
45%
Podgorica
45%
Tbilisi
43%
Baku
30%
Astana
28%
Yerevan
26%
No matching quizzes found
Score Distribution
Percent of People with Each Score
Percentile by Number Answered
Your Score History
You have not taken this quiz since the last reset